| 000 | 00734nam a2200241Ia 4500 | ||
|---|---|---|---|
| 005 | 20250425162538.0 | ||
| 008 | 250425s9999 xx 000 0 und d | ||
| 020 | _a0130617938 | ||
| 041 | _aeng | ||
| 082 |
_a621.38 _pPRO |
||
| 100 | _aProakis, John G. | ||
| 245 | 0 |
_aCommunication Systems Engineering _cJohn G. Proakis, Masoud Salehi |
|
| 250 | _aSegunda ed. | ||
| 260 |
_aEstados Unidos, New Jersey _bPrentice Hall _c2002 |
||
| 300 |
_a801 p. _bIlustrado _c24 cm |
||
| 500 | _aIncluye tabla de contenido, bibliografia, indice | ||
| 650 | _aIngeniería de sistemas | ||
| 650 | _aSistemas de telecomunicaciones | ||
| 650 | _aTransmisión de señales | ||
| 902 |
_aMonográfico _cImpreso |
||
| 942 | _c01 | ||
| 010 | _a84620 | ||
| 999 |
_c231440 _d231440 |
||